000 00804nam a2200229Ia 4500
005 20211111074906.0
008 130821s2006 ck gr spa
020 _a958048712X
020 _a9789580487128
040 _aCo-BoUCM
_bspa
_cSaul Niño (Modificó)
_d[Nuevo]
041 0 0 _aspa
100 1 _aSchneer, Manuel
_995828
245 1 0 _aTú eres tu propia marca
_bmarketing personal para un profesional
_cManuel Sachneer
260 _aBogotá (Colombia)
_bGrupo Editorial Norma
_c2006
300 _a111 páginas
650 0 4 _aAdministración de empresas
_9435
650 0 4 _aAptitud creadora en los negocios
_99275
650 0 4 _aÉxito en los negocios
_915417
650 0 4 _aPsicología industrial
_922845
942 _cLIBRO
_2DEWEY
_a16
_e1
_h658.409
_mS358t
999 _c54110
_d54110